005790000a2200181000450024500720000065000180007265000190009065000210010965000190013065000170014965100650016665100370023165300320026804100130030070000250031310000210033877300380035910aFirst nesting records of the Moustached Antpitta (Grallaria alleni)14aOrnitología14aConservación14aNuevos resistros14aDistribución14aMorfología 4lCordillera de Los Andes, Valle del Río MagdalenapColombia 4lCordillera de Los AndespEcuador gGrallariaeGrallaria alleni0 aInglés1 aRenjifo, Luis Manuel1 aFreile , Juan F.1 tWilson Bull.h1q11-15d2003g115